000 00513nam a2200157 4500
001 109883
003 ES-MaACL
005 20230906184931.0
007 t|
008 061121s1912 xxu r ||||1| eng d
100 1 _aOberholtzer, Ellis Paxon.
_986386
245 1 4 _aThe referendum in America
_b: together with some chapters on the initiative and the recall /
_cEllis Paxon Oberholtzer.
260 _aNew York :
_bCharles Scribner's sons,
_c1912.
300 _aXII, 533 p. ;
_c21 cm.
852 _aES-MaACL
_jD-1179
999 _c109883
_d109883